| 000 | 01167nam a22003257a 4500 | ||
|---|---|---|---|
| 003 | CHAP | ||
| 005 | 20220329140313.0 | ||
| 008 | 971013s1987 r 00010 d | ||
| 010 | _a50078 | ||
| 011 | _a51050 | ||
| 035 | _a55200 | ||
| 040 | _cCHAP | ||
| 090 | _aTesis | ||
| 100 | 0 | 0 |
_aRodríguez Cabrera, Eugenio. _998345 |
| 245 | _aEfecto del gradiente de humedad del suelo sobre genotipos de sorgo para grano (Sorghum bicolor (L.) Moench) con características "glossy" y "no glossy" | ||
| 260 |
_aMarín, N. L. : _bEl autor, _c1987 |
||
| 300 | _a145 h. | ||
| 502 | _aTesis (M. C. Esp. en Producción Agrícola) -- Universidad Autónoma de Nuevo León. Facultad de Agronomía | ||
| 590 |
_aALEPH _b10 _c20130110 _lUCH01 _h1324 |
||
| 590 |
_aBATCH-UPD _b10 _c20130110 _lUCH01 _h1827 |
||
| 590 |
_aBATCH-UPD _b10 _c20130410 _lUCH01 _h1200 |
||
| 590 |
_aBATCH-UPD _b10 _c20130914 _lUCH01 _h2030 |
||
| 590 |
_aCONVERSION _b10 _c20130109 _lUCH01 _h1327 |
||
| 650 | 1 | 4 |
_aSorgo _xAgua requerida. _9108624 |
| 650 | 1 | 4 |
_aSorgo _xGenética. _9108673 |
| 650 | 1 | 4 |
_aSuelos _xHumedad. _9110391 |
| 901 | _aBK | ||
| 942 | _cTESIS | ||
| 949 |
_bBC _cTES _d-121283 _eTS1 _h20757 _i55200 _si |
||
| 999 |
_c50078 _d50078 |
||